[Event "SPICE Cup Open 2017"]
[Site "Saint Louis USA"]
[Date "2017.10.23"]
[Round "5.26"]
[White "Mercado, Luisa Fernanda"]
[Black "Swindell, Shawn"]
[Result "1-0"]
[WhiteTitle "WFM"]
[WhiteElo "1944"]
[BlackElo "2018"]
[WhiteFideId "4400984"]
[BlackFideId "2064588"]
[EventDate "2017.10.21"]

1. e4 c6 2. d4 d5 3. exd5 cxd5 4. c4 Nf6 5. Nc3 e6 6. Nf3 Be7 7. Bd3 dxc4 8.
Bxc4 O-O 9. O-O Nbd7 10. Re1 Nb6 11. Bb3 Nbd5 12. Ne5 h6 13. a3 Qd6 14. Qd3 Rd8
15. Bc2 Bd7 16. Qg3 Kf8 17. Qh3 Kg8 18. Bd2 Rac8 19. Rad1 Be8 20. Bc1 b5 21. Rd3
Bf8 22. Rg3 Kh8 23. Bg5 b4 24. axb4 Qxb4 25. Ng4 Nxg4 26. Qxg4 f5 27. Qe2 Rd6
28. Bxh6 Qxd4 29. Nxd5 Qxd5 30. Bf4 Rb6 31. Be5 Qc4 32. Bd3 Qc1 33. Bd4 Qf4 34.
Be5 Qc1 35. Bd4 Rd6 36. Bc3 Rxc3 37. bxc3 Qxc3 38. Bxf5 Qb4 39. Rh3+ Kg8 40.
Bxe6+ Rxe6 41. Qxe6+ Bf7 42. Qe4 1-0

[Event "SPICE Cup Open 2017"]
[Site "Saint Louis USA"]
[Date "2017.10.23"]
[Round "5.27"]
[White "Borczon, John"]
[Black "Shoykhet, Benjamin"]
[Result "1/2-1/2"]
[WhiteElo "1788"]
[BlackElo "1819"]
[WhiteFideId "2071991"]
[BlackFideId "30919746"]
[EventDate "2017.10.21"]

1. d4 c5 2. d5 e5 3. e4 d6 4. f4 g6 5. Nf3 Nd7 6. Bb5 exf4 7. Bxf4 Bg7 8. Nc3
Qb6 9. Qd2 a6 10. Bxd7+ Bxd7 11. Rb1 Ne7 12. O-O O-O 13. Bh6 Rae8 14. Bxg7 Kxg7
15. Rbe1 Qc7 16. e5 Nf5 17. exd6 Nxd6 18. Ne5 Rxe5 19. Rxe5 Nc4 20. d6 Nxd2 21.
dxc7 Nxf1 22. Kxf1 Rc8 23. Rxc5 Bc6 24. Kf2 Rxc7 25. Nd5 Rd7 26. c4 Bxd5 27.
cxd5 Kf6 28. Ke3 Ke5 29. d6+ Kxd6 30. Rc3 Ke6 31. Rb3 b5 32. Ra3 Rd6 33. Ra5 f5
34. h4 h6 35. a4 bxa4 36. Rxa4 Rb6 37. Ra5 g5 38. hxg5 hxg5 39. b4 g4 40. g3 Kf6
41. Ke2 Kg5 42. Kf2 Rxb4 43. Rxa6 Rb2+ 44. Kf1 Rh2 45. Ra5 Rh6 46. Kg2 Re6 47.
Kf2 Kf6 48. Rb5 Re5 49. Rb6+ Kg5 50. Rb4 Re4 51. Rb5 Kf6 52. Ra5 Re6 53. Rb5 Ke7
54. Rxf5 Rf6 55. Rf4 1/2-1/2

[Event "SPICE Cup Open 2017"]
[Site "Saint Louis USA"]
[Date "2017.10.24"]
[Round "6.1"]
[White "Bruzon Batista, Lazaro"]
[Black "Swiercz, Dariusz"]
[Result "1/2-1/2"]
[WhiteTitle "GM"]
[BlackTitle "GM"]
[WhiteElo "2660"]
[BlackElo "2639"]
[WhiteFideId "3503739"]
[BlackFideId "1126881"]
[EventDate "2017.10.21"]

1. Nf3 Nf6 2. g3 g6 3. b3 Bg7 4. Bb2 c5 5. Bg2 Nc6 6. c4 d6 7. d4 cxd4 8. Nxd4
Bd7 9. Nc3 O-O 10. O-O Nxd4 11. Qxd4 Bc6 12. Nd5 Bxd5 13. Bxd5 Ne8 14. Qd2 Bxb2
15. Qxb2 Qb6 16. Rfc1 Nf6 17. Bf3 Rfc8 18. Rab1 a5 19. a3 Rc7 20. h4 h5 21. b4
axb4 22. axb4 Rac8 23. c5 dxc5 24. bxc5 Qxb2 25. Rxb2 Rxc5 26. Rxc5 Rxc5 27.
Rxb7 1/2-1/2

[Event "SPICE Cup Open 2017"]
[Site "Saint Louis USA"]
[Date "2017.10.24"]
[Round "6.2"]
[White "Quesada Perez, Yuniesky"]
[Black "Cori, Jorge"]
[Result "1/2-1/2"]
[WhiteTitle "GM"]
[BlackTitle "GM"]
[WhiteElo "2619"]
[BlackElo "2657"]
[WhiteFideId "3504409"]
[BlackFideId "3802272"]
[EventDate "2017.10.21"]

1. e4 c5 2. Nf3 Nc6 3. Bb5 g6 4. Bxc6 dxc6 5. d3 Bg7 6. h3 e5 7. a3 a5 8. Be3
Qe7 9. Nbd2 Nf6 10. Nc4 Nd7 11. a4 b6 12. Qd2 Ba6 13. Bh6 Bxh6 14. Qxh6 Bxc4 15.
dxc4 O-O-O 16. O-O-O Nf6 17. Qg5 Rxd1+ 18. Rxd1 Re8 19. Qe3 h5 20. Ng5 Nd7 21.
Nf3 1/2-1/2

[Event "SPICE Cup Open 2017"]
[Site "Saint Louis USA"]
[Date "2017.10.24"]
[Round "6.3"]
[White "Nyzhnyk, Illya"]
[Black "Robson, Ray"]
[Result "1/2-1/2"]
[WhiteTitle "GM"]
[BlackTitle "GM"]
[WhiteElo "2594"]
[BlackElo "2644"]
[WhiteFideId "14118084"]
[BlackFideId "2023970"]
[EventDate "2017.10.21"]

1. d4 Nf6 2. Nf3 g6 3. g3 d5 4. Bg2 Bg7 5. c4 c6 6. cxd5 cxd5 7. Nc3 Ne4 8. Qb3
Nxc3 9. bxc3 O-O 10. Nd2 e6 11. e4 Nc6 12. O-O 1/2-1/2

[Event "SPICE Cup Open 2017"]
[Site "Saint Louis USA"]
[Date "2017.10.24"]
[Round "6.4"]
[White "Chandra, Akshat"]
[Black "Shimanov, Aleksandr"]
[Result "0-1"]
[WhiteTitle "GM"]
[BlackTitle "GM"]
[WhiteElo "2483"]
[BlackElo "2640"]
[WhiteFideId "25006711"]
[BlackFideId "4198603"]
[EventDate "2017.10.21"]

1. d4 Nf6 2. c4 g6 3. g3 Bg7 4. Bg2 O-O 5. Nc3 d6 6. Nf3 Nbd7 7. O-O e5 8. b3
Re8 9. e4 c6 10. Be3 exd4 11. Nxd4 Nc5 12. f3 h5 13. Qd2 Qe7 14. Rfe1 Nfd7 15.
Rad1 Ne5 16. Qc2 Ne6 17. Nxe6 Bxe6 18. Bd4 c5 19. Bf2 h4 20. Nd5 Bxd5 21. exd5
Qf6 22. f4 Ng4 23. Bh3 Nxf2 24. Qxf2 Qc3 25. Kg2 Bd4 26. Rxe8+ Rxe8 27. Qd2 Re3
28. Qxc3 Rxc3 29. Rd2 f5 30. gxh4 Re3 31. h5 Kg7 32. hxg6 Kxg6 33. Rc2 a6 34.
Rd2 b5 35. cxb5 axb5 36. Rc2 Rd3 37. Re2 Be3 38. Rc2 Bxf4 39. Rf2 Kg5 40. Rf3
Rxd5 41. Rf2 Rd3 42. Rf3 Rd4 43. Kf1 Rd1+ 44. Kg2 d5 45. Rf1 Rxf1 46. Kxf1 c4
47. Ke1 d4 48. Bf1 d3 49. a4 bxa4 50. bxa4 Be3 51. a5 f4 0-1

[Event "SPICE Cup Open 2017"]
[Site "Saint Louis USA"]
[Date "2017.10.24"]
[Round "6.5"]
[White "Durarbayli, Vasif"]
[Black "Rambaldi, Francesco"]
[Result "0-1"]
[WhiteTitle "GM"]
[BlackTitle "GM"]
[WhiteElo "2630"]
[BlackElo "2574"]
[WhiteFideId "13402935"]
[BlackFideId "20657307"]
[EventDate "2017.10.21"]

1. e4 e5 2. Nf3 Nc6 3. Bb5 Nf6 4. d3 Bc5 5. c3 O-O 6. O-O d5 7. exd5 Qxd5 8. Bc4
Qd8 9. b4 Be7 10. Nbd2 Bf5 11. Qc2 Nd5 12. Ne4 a6 13. a4 Bg4 14. Ned2 Qd6 15.
Kh1 Rfd8 16. Qb3 Bh5 17. a5 Qd7 18. Re1 Nf4 19. Re3 Qg4 20. Ne1 Bg6 21. Ne4 Na7
22. h3 Qd7 23. Nf3 Nc6 24. Kg1 h6 25. Bd2 Kf8 26. b5 axb5 27. Qxb5 f6 28. d4
exd4 29. cxd4 Nd5 30. Ree1 b6 31. Bd3 Bf7 32. axb6 Rxa1 33. Rxa1 Nxb6 34. Nc5
Qe8 35. Be3 Nd5 36. Re1 Ncb4 37. Bd2 Nxd3 38. Qxd3 Kg8 39. Nh4 Qc6 40. Nf5 Bf8
41. Re4 h5 42. Qg3 Kh7 43. Qf3 g6 44. Ne3 Nxe3 45. Bxe3 Bd5 46. Qf4 Kg8 47. Re6
Bxe6 48. Qxf6 Bxc5 49. Qxg6+ Kf8 50. dxc5 Rd1+ 51. Kh2 Qd5 52. Bg5 Bf7 53. Qf6
Qe6 54. Qh8+ Bg8 55. Qxh5 Rd5 56. f4 Qf5 57. c6 Qxf4+ 58. Bxf4 Rxh5 59. Bxc7 Rh6
60. g4 Rxc6 61. Be5 Be6 62. Kg3 Rc1 63. Bd4 Kf7 0-1

[Event "SPICE Cup Open 2017"]
[Site "Saint Louis USA"]
[Date "2017.10.24"]
[Round "6.6"]
[White "Sevian, Samuel"]
[Black "Liang, Awonder"]
[Result "1/2-1/2"]
[WhiteTitle "GM"]
[BlackTitle "GM"]
[WhiteElo "2615"]
[BlackElo "2554"]
[WhiteFideId "2040506"]
[BlackFideId "2056437"]
[EventDate "2017.10.21"]

1. e4 e5 2. Nf3 Nc6 3. Bb5 a6 4. Ba4 Nf6 5. O-O Be7 6. Re1 b5 7. Bb3 d6 8. c3
O-O 9. h3 Bb7 10. d4 Re8 11. Nbd2 exd4 12. cxd4 Nd7 13. Nf1 Na5 14. Bc2 Bf6 15.
N1h2 c5 16. Ng4 cxd4 17. Nxd4 Bxd4 18. Qxd4 Rc8 19. Qd1 h5 20. Ne3 Nf6 21. f3 d5
22. exd5 Nxd5 23. Be4 Nxe3 24. Qxd8 Rexd8 25. Bxe3 Bxe4 26. Bb6 Re8 27. Bxa5 Bd5
28. a3 Bb3 29. Rxe8+ Rxe8 30. Re1 Rxe1+ 31. Bxe1 1/2-1/2

[Event "SPICE Cup Open 2017"]
[Site "Saint Louis USA"]
[Date "2017.10.24"]
[Round "6.7"]
[White "Rahul, Srivatshav P"]
[Black "Prohaszka, Peter2"]
[Result "0-1"]
[BlackTitle "GM"]
[WhiteElo "2373"]
[BlackElo "2614"]
[WhiteFideId "25059653"]
[BlackFideId "726265"]
[EventDate "2017.10.21"]

1. d4 d5 2. c4 dxc4 3. e3 e5 4. Bxc4 exd4 5. exd4 Bd6 6. Nf3 Nf6 7. O-O O-O 8.
h3 h6 9. Nc3 Nc6 10. Qc2 Nb4 11. Qb1 Be6 12. Bxe6 fxe6 13. Re1 Qd7 14. Bd2 Nbd5
15. Qg6 Qe8 16. Qd3 Qf7 17. Ne5 Bxe5 18. Rxe5 Nb4 19. Qc4 Nc6 20. Re2 Rad8 21.
Be3 a6 22. Rd1 Nd5 23. Ne4 e5 24. dxe5 Nxe5 25. Qb3 Nxe3 26. Rxd8 Rxd8 27. Rxe3
Qxb3 28. Rxb3 b6 29. Rc3 c5 30. f4 Nd3 31. Ra3 Rd4 32. Nc3 Nb4 33. Rb3 a5 34.
Na4 c4 35. Re3 Nd5 36. Re8+ Kf7 37. Rd8 Ke7 38. Rb8 Kd6 39. Rb7 Kc6 40. Rxg7
Rxf4 41. Nc3 Nxc3 42. Rg6+ Kc5 43. bxc3 b5 44. Ra6 a4 45. Rxh6 Rf5 46. Rh8 Rd5
47. Rc8+ Kb6 48. h4 Kb7 49. Rf8 b4 50. Rf4 b3 51. axb3 axb3 52. Rf1 Rd3 53. Rc1
Kc6 54. h5 Kc5 55. h6 Rxc3 56. h7 Rxc1+ 57. Kh2 b2 58. h8=Q b1=Q 59. Qe5+ Kb4
60. Qd6+ Kc3 61. Qe5+ Kc2 62. Qf5+ Kb2 63. Qb5+ Ka1 64. Qe5+ Qb2 65. Qa5+ Qa2
66. Qe5+ c3 67. Qe3 Qb2 0-1

[Event "SPICE Cup Open 2017"]
[Site "Saint Louis USA"]
[Date "2017.10.24"]
[Round "6.8"]
[White "Li, Ruifeng"]
[Black "Grabinsky, Aaron"]
[Result "1/2-1/2"]
[WhiteTitle "GM"]
[WhiteElo "2564"]
[BlackElo "2366"]
[WhiteFideId "2061074"]
[BlackFideId "2087090"]
[EventDate "2017.10.21"]

1. g3 Nf6 2. Bg2 d5 3. f4 c5 4. Nf3 Nc6 5. d3 g6 6. O-O Bg7 7. e3 Qc7 8. Qe2 e5
9. e4 dxe4 10. dxe4 O-O 11. c3 Re8 12. f5 gxf5 13. exf5 Bxf5 14. Nh4 Bg4 15. Qf2
e4 16. h3 Be6 17. Bg5 Bc4 18. Bxf6 Bxf1 19. Qxf1 Bxf6 20. Qxf6 Qxg3 21. Nf5 Qg6
22. Nh6+ Kf8 23. Ng4 Rad8 24. Na3 Re6 25. Qf2 b6 26. Rf1 Kg7 27. Nc4 Rf8 28.
Nge3 Ne7 29. Kh2 Kh8 30. Nd2 Rd8 31. Nxe4 f5 32. Nxf5 Nxf5 33. Qxf5 Qxf5 34.
Rxf5 Kg7 35. Kg3 Rd1 36. Rf2 Re7 37. Bf3 Rd3 38. Rg2 Kf8 39. Kf2 Rf7 40. Rg3 Rg7
41. Ke2 Rxg3 42. Nxg3 Rd7 43. Be4 Rg7 44. Nh5 Rf7 45. Ke3 Ke7 46. Nf4 Kf6 47. h4
Rd7 48. a3 h6 49. h5 Rd1 50. Bg6 Rh1 51. Nd5+ Ke5 52. Ne7 Rh2 53. Nc6+ Kd5 54.
Nxa7 Rxb2 55. Bf7+ Ke5 56. a4 Kf6 57. Be8 Ke7 58. Bg6 Kd7 59. Bf5+ Kd6 60. Nc8+
Kc7 61. Ne7 Kd6 62. Ng8 Ra2 63. Nxh6 Rxa4 64. Ng4 Ra3 65. Kd2 Ra1 66. h6 Rh1 67.
c4 Ke7 68. h7 Kf7 69. Ne3 Kg7 70. Bd3 Rh5 71. Be4 Rh2+ 72. Kd3 Rb2 73. Kc3 Rb4
74. Nd5 b5 1/2-1/2

[Event "SPICE Cup Open 2017"]
[Site "Saint Louis USA"]
[Date "2017.10.24"]
[Round "6.9"]
[White "Azarov, Sergei"]
[Black "Kavutskiy, Konstantin"]
[Result "1-0"]
[WhiteTitle "GM"]
[BlackTitle "IM"]
[WhiteElo "2556"]
[BlackElo "2390"]
[WhiteFideId "13501470"]
[BlackFideId "2026384"]
[EventDate "2017.10.21"]

1. e4 c5 2. Nf3 e6 3. d4 cxd4 4. Nxd4 Nc6 5. Nc3 Qc7 6. Be3 a6 7. Qf3 Bd6 8.
O-O-O Be5 9. g3 b5 10. Qe2 Bb7 11. Bg2 Nge7 12. f4 Bxd4 13. Bxd4 Nxd4 14. Rxd4
Bc6 15. Rhd1 O-O 16. e5 Qa5 17. a3 Rab8 18. Be4 Rfc8 19. Kb1 h6 20. Qd3 b4 21.
Rxb4 Rxb4 22. axb4 Qxb4 23. Qd6 Qb7 24. Qxe7 Rb8 25. Qa3 Bxe4 26. Nxe4 Qxe4 27.
Rxd7 Qh1+ 28. Ka2 Qxh2 29. Qd6 Rc8 30. Rd8+ Rxd8 31. Qxd8+ Kh7 32. Qd3+ g6 33.
c4 Qf2 34. Qc3 Qc5 35. b4 Qc6 36. Ka3 h5 37. Qd3 a5 38. bxa5 Qc5+ 39. Ka4 Qc6+
40. Kb4 Qb7+ 41. Ka3 Qc7 42. Qc3 Qc5+ 43. Ka4 Kh6 44. Qb4 Qc6+ 45. Qb5 Qg2 46.
a6 Qxg3 47. a7 Qg2 48. Qb8 Qa2+ 49. Kb4 Qb2+ 50. Kc5 Qa3+ 51. Kc6 Qa4+ 52. Kd6 1-0

[Event "SPICE Cup Open 2017"]
[Site "Saint Louis USA"]
[Date "2017.10.24"]
[Round "6.10"]
[White "Sturt, Raven"]
[Black "Kannappan, Priyadharshan"]
[Result "0-1"]
[BlackTitle "GM"]
[WhiteElo "2446"]
[BlackElo "2516"]
[WhiteFideId "2007304"]
[BlackFideId "5018293"]
[EventDate "2017.10.21"]

1. d4 Nf6 2. c4 e6 3. Nf3 b6 4. g3 Ba6 5. Nbd2 Bb4 6. Qa4 c5 7. a3 Bxd2+ 8. Bxd2
cxd4 9. Bg2 Bb7 10. O-O Bc6 11. Qd1 Bxf3 12. Bxf3 Nc6 13. Bb4 Qc7 14. e3 a5 15.
Bd2 Rc8 16. Rc1 dxe3 17. Bxe3 d6 18. Bxc6+ Qxc6 19. Qd4 O-O 20. Qxb6 Qxb6 21.
Bxb6 a4 22. Rfd1 Rc6 23. Be3 h6 24. c5 d5 25. Rd4 Ra8 26. Rb4 Nd7 27. Rb7 Ne5
28. f4 Nc4 29. Bd4 Na5 30. Rb6 Rac8 31. Rc3 Nb3 32. Rbxb3 axb3 33. Rxb3 f6 34.
Re3 Kf7 35. b4 Ra6 36. Kf2 Ke7 37. Ke2 g5 38. Kd2 Rg8 39. f5 e5 40. Bb2 Kd7 41.
g4 Kc6 42. Rh3 d4 43. Rxh6 Kd5 44. Rh7 Kc4 45. h3 Raa8 46. c6 Rh8 47. Rb7 Rxh3
48. c7 Rh2+ 49. Ke1 Rc8 50. b5 Rxb2 51. b6 Rh8 52. c8=Q+ Rxc8 53. Rc7+ Kd3 54.
Rxc8 Rxb6 55. Re8 Ke3 56. Kf1 d3 0-1

[Event "SPICE Cup Open 2017"]
[Site "Saint Louis USA"]
[Date "2017.10.24"]
[Round "6.12"]
[White "Peng, David"]
[Black "Barcenilla, Rogelio"]
[Result "0-1"]
[WhiteTitle "FM"]
[BlackTitle "GM"]
[WhiteElo "2330"]
[BlackElo "2446"]
[WhiteFideId "2059355"]
[BlackFideId "5200059"]
[EventDate "2017.10.21"]

1. e4 e5 2. Nf3 Nc6 3. Bc4 Nf6 4. d3 h6 5. O-O d6 6. c3 g6 7. d4 Qe7 8. Re1 Bg7
9. Nbd2 O-O 10. h3 Bd7 11. Nf1 Na5 12. Bd3 c5 13. Ne3 cxd4 14. Nd5 Qd8 15. Nxf6+
Qxf6 16. b4 Nc6 17. b5 Nd8 18. cxd4 exd4 19. Bb2 Ne6 20. Bc4 Ng5 21. Nxd4 Bxh3
22. Rb1 Qf4 23. Bf1 Be5 24. g3 Qf6 25. Be2 Ne6 26. Nxe6 fxe6 0-1

[Event "SPICE Cup Open 2017"]
[Site "Saint Louis USA"]
[Date "2017.10.24"]
[Round "6.13"]
[White "Jacobson, Brandon"]
[Black "Cordova, Emilio"]
[Result "0-1"]
[WhiteTitle "FM"]
[BlackTitle "GM"]
[WhiteElo "2396"]
[BlackElo "2608"]
[WhiteFideId "30901561"]
[BlackFideId "3801497"]
[EventDate "2017.10.21"]

1. d4 Nf6 2. Nf3 e6 3. e3 b6 4. Bd3 Bb7 5. O-O c5 6. c4 Be7 7. Nc3 h6 8. Bc2 d6
9. d5 exd5 10. cxd5 O-O 11. e4 a6 12. a4 Re8 13. Re1 Nbd7 14. Nd2 Qb8 15. b3 Nh7
16. Bb2 Bf6 17. Nc4 Nhf8 18. e5 Bxe5 19. Nxe5 dxe5 20. Ne4 Ng6 21. Qg4 Ndf8 22.
Rad1 Bc8 23. Qf3 Bd7 24. a5 Rc8 25. Qc3 bxa5 26. Ba3 Bg4 27. f3 Bd7 28. Nxc5 Bb5
29. Qe3 Qd6 30. Bf5 Re8 31. Bb2 Nh4 32. Bb1 Nfg6 33. Ne4 Qd7 34. Qf2 Qd8 35. g3
Nf5 36. d6 Nd4 37. Bxd4 exd4 38. Qxd4 Ne5 39. Kg2 Bc6 40. f4 Nd7 41. Kg1 Rb8 42.
Nd2 Rxe1+ 43. Rxe1 Nf6 44. Qc5 Bd5 45. Re7 Be6 46. Rc7 Rb5 47. Qc6 Rd5 48. Qc2
Rxd6 49. Ne4 Nxe4 0-1

[Event "SPICE Cup Open 2017"]
[Site "Saint Louis USA"]
[Date "2017.10.24"]
[Round "6.14"]
[White "Williams, Justus"]
[Black "Yermolinsky, Alex"]
[Result "0-1"]
[WhiteTitle "FM"]
[BlackTitle "GM"]
[WhiteElo "2371"]
[BlackElo "2490"]
[WhiteFideId "2049929"]
[BlackFideId "2005492"]
[EventDate "2017.10.21"]

1. Nf3 c5 2. c4 Nf6 3. Nc3 e6 4. d4 cxd4 5. Nxd4 Bb4 6. Nb3 O-O 7. a3 Bxc3+ 8.
bxc3 Qc7 9. c5 b6 10. Qd4 Nc6 11. Qf4 e5 12. cxb6 axb6 13. Qh4 d5 14. g3 Na5 15.
Qb4 d4 16. Bg2 Bb7 17. Bxb7 Qxb7 18. O-O Nd5 19. Nxa5 Rxa5 20. Qb2 Nxc3 21. Re1
Rc8 22. Qd2 Rac5 0-1

[Event "SPICE Cup Open 2017"]
[Site "Saint Louis USA"]
[Date "2017.10.24"]
[Round "6.15"]
[White "Heimann, Mark"]
[Black "Young, Angelo"]
[Result "1-0"]
[WhiteTitle "FM"]
[BlackTitle "IM"]
[WhiteElo "2363"]
[BlackElo "2292"]
[WhiteFideId "2028441"]
[BlackFideId "5200490"]
[EventDate "2017.10.21"]

1. c4 g6 2. Nc3 Bg7 3. g3 e6 4. Bg2 Ne7 5. d4 d5 6. Nf3 O-O 7. h4 dxc4 8. h5
Nbc6 9. hxg6 fxg6 10. Bg5 Qe8 11. Qd2 Nf5 12. O-O-O b5 13. g4 b4 14. gxf5 bxc3
15. Qxc3 Rxf5 16. Bh6 Bxh6+ 17. Rxh6 Rb8 18. Rdh1 Nb4 19. Qa3 Qf8 20. Rxh7 Rh5
21. R7xh5 gxh5 22. Qxa7 Rb7 23. Qa5 Qh6+ 24. Nd2 Rb6 25. Rxh5 Nxa2+ 26. Kd1 Qf6
27. Qxa2 Qxf2 28. Rg5+ Kf7 29. Qxc4 Qg1+ 30. Bf1 Qxg5 31. Qxc7+ Bd7 32. Qxb6 Qe3
33. Qb4 Qg1 34. Qd6 Ke8 35. Qf4 Bc6 36. Nc4 Bd5 37. Ne5 Qg7 38. e4 Bb3+ 39. Kd2
Qb7 40. Be2 Ba2 41. Bh5+ 1-0

[Event "SPICE Cup Open 2017"]
[Site "Saint Louis USA"]
[Date "2017.10.24"]
[Round "6.16"]
[White "Yoo, Christopher Woojin"]
[Black "Quintiliano Pinto, Renato R."]
[Result "0-1"]
[WhiteTitle "FM"]
[BlackTitle "IM"]
[WhiteElo "2194"]
[BlackElo "2451"]
[WhiteFideId "30909694"]
[BlackFideId "2117568"]
[EventDate "2017.10.21"]

1. e4 c5 2. Nf3 d6 3. d4 cxd4 4. Nxd4 Nf6 5. Nc3 a6 6. f3 e5 7. Nb3 Be6 8. Be3
Be7 9. Qd2 O-O 10. O-O-O a5 11. a4 Nc6 12. g4 Nb4 13. Kb1 Rc8 14. g5 Ne8 15. h4
d5 16. exd5 Bf5 17. Rc1 Nc7 18. d6 Bxd6 19. Nxa5 Ncd5 20. Nxb7 Qd7 21. Bb5 Nxc3+
22. bxc3 Qe6 23. c4 Be7 24. Nc5 Rxc5 25. Qxb4 Rc7 26. Qb3 Rfc8 27. Rhd1 Rxc4 28.
Bxc4 Rxc4 29. Rd7 Qxd7 30. Qxc4 Be6 31. Qb5 Qd6 32. Bf2 Qa3 33. Qb2 Qxa4 34. Re1
f6 35. gxf6 gxf6 36. Re4 Qa6 37. Be1 Ba3 38. Qb8+ Kf7 39. Qc7+ Kg8 40. Qb8+ Kf7
41. Bb4 Ba2+ 42. Kxa2 Bxb4+ 43. Kb2 Ba3+ 44. Kb1 Qf1+ 45. Ka2 Qxf3 46. Qb7+ Be7
47. Qd5+ Kg7 48. Rxe5 Qa3+ 49. Kb1 fxe5 50. Qg2+ Kh8 51. Qd5 Qb4+ 52. Ka2 Qd6
53. Qa8+ Kg7 54. Qg2+ Qg6 55. Qe2 Qe6+ 56. Kb1 e4 0-1

[Event "SPICE Cup Open 2017"]
[Site "Saint Louis USA"]
[Date "2017.10.24"]
[Round "6.17"]
[White "Polgar-Shutzman, Tom"]
[Black "Plotkin, Victor"]
[Result "0-1"]
[BlackTitle "FM"]
[WhiteElo "2055"]
[BlackElo "2262"]
[WhiteFideId "2064880"]
[BlackFideId "2606674"]
[EventDate "2017.10.21"]

1. e4 e5 2. Nf3 Nf6 3. Nc3 Nc6 4. d4 exd4 5. Nxd4 Bb4 6. Nxc6 bxc6 7. Bd3 d5 8.
exd5 cxd5 9. O-O O-O 10. h3 Be6 11. Qf3 Rb8 12. Bf4 Bd6 13. b3 c6 14. Ne2 Qc7
15. Rfe1 Rb4 16. Bxd6 Qxd6 17. c3 Rb7 18. Ng3 Re7 19. Nh5 Nxh5 20. Qxh5 g6 21.
Qh6 Rfe8 22. Re3 Bd7 23. Rae1 c5 24. Rxe7 Rxe7 25. Rxe7 Qxe7 26. Qe3 Qxe3 27.
fxe3 Kg7 28. c4 Be6 29. cxd5 Bxd5 30. e4 Bc6 31. Kf2 Kf6 32. Ke3 Ke5 33. g3 f6
34. Bc2 g5 35. Bd3 Bd7 36. h4 h6 37. Be2 Be8 38. Bg4 Bc6 39. Bf5 Kd6 40. Bg6 Bd7
41. Bf7 Ke5 42. Bg6 Be6 43. Bh7 a5 44. Bg6 Kd6 45. Be8 c4 46. bxc4 Kc5 47. hxg5
hxg5 48. a3 Kxc4 49. a4 Kb4 50. Kd4 Bb3 51. Bd7 Bxa4 52. Bxa4 Kxa4 53. Kc4 Ka3
54. Kc3 a4 55. g4 Ka2 56. Kc2 a3 57. Kc1 Kb3 58. Kb1 Kc4 0-1

[Event "SPICE Cup Open 2017"]
[Site "Saint Louis USA"]
[Date "2017.10.24"]
[Round "6.18"]
[White "Proleiko, Julian"]
[Black "Wang, Justin"]
[Result "1-0"]
[WhiteElo "2095"]
[BlackElo "2254"]
[WhiteFideId "30900255"]
[BlackFideId "30911370"]
[EventDate "2017.10.21"]

1. d4 Nf6 2. Bf4 e6 3. e3 c5 4. Nd2 Nc6 5. c3 d5 6. Ngf3 Bd6 7. Bxd6 Qxd6 8. Bb5
O-O 9. O-O Bd7 10. a4 Rfb8 11. Re1 a6 12. Bf1 e5 13. Nc4 dxc4 14. dxe5 Qxd1 15.
Rexd1 Na5 16. exf6 Be6 17. fxg7 Nb3 18. Ra3 Rd8 19. Be2 Kxg7 20. Kf1 b5 21. axb5
axb5 22. Rxd8 Rxd8 23. Ke1 Bf5 24. Ra7 Bg6 25. Bd1 Nc1 26. Ne5 Rd5 27. Ra1 Rxe5
28. Rxc1 f5 29. g3 Re8 30. Ra1 Rb8 31. Ra7+ Kf6 32. Rc7 b4 33. Rxc5 bxc3 34.
bxc3 Rb1 35. Rxc4 Bh5 36. Rd4 Bf3 37. c4 Ke5 38. c5 Ra1 39. Rd2 Ke6 40. c6 Bxc6
41. Ke2 Ke5 42. f4+ Ke6 43. Kf2 Be4 44. g4 fxg4 45. Bxg4+ Kf6 46. Bf3 Bg6 47. e4
Ra4 48. Ke3 Ra3+ 49. Rd3 Ra7 50. e5+ Ke7 51. Rd2 Ra3+ 52. Kf2 Bf5 53. Re2 Rc3
54. Kg3 Ra3 55. Rf2 Be4 56. Kg4 h5+ 57. Kg3 Ke6 58. Kg2 Re3 59. Bxe4 Rxe4 60.
Kg3 Kf5 61. Kh4 Rc4 62. Rf1 Rc2 63. h3 Rc3 64. Rf2 Ra3 65. Re2 Ra7 66. e6 Re7
67. Kg3 Kf6 68. Re5 Kg6 69. Kh4 Kf6 70. Rxh5 Rg7 71. Re5 Ke7 72. Re3 Rg8 73. Kh5
Rh8+ 74. Kg6 Rg8+ 75. Kf5 Ra8 76. h4 Ra5+ 77. Re5 Ra1 78. Rd5 Rh1 79. Rd7+ Ke8
80. Kg5 Rg1+ 81. Kf6 Rg4 82. f5 Rxh4 83. Rg7 Rh6+ 84. Rg6 Rh8 85. Kg7 Rh5 86. f6
Rf5 87. Rg1 Rf2 88. e7 Rf3 89. Kg6 Rf2 90. Ra1 Rg2+ 91. Kh5 Kf7 92. Ra8 Rh2+ 93.
Kg4 1-0

[Event "SPICE Cup Open 2017"]
[Site "Saint Louis USA"]
[Date "2017.10.24"]
[Round "6.20"]
[White "Colas, Joshua"]
[Black "Mathur, Rithwik"]
[Result "1/2-1/2"]
[WhiteTitle "FM"]
[WhiteElo "2242"]
[BlackElo "1986"]
[WhiteFideId "2044447"]
[BlackFideId "30913667"]
[EventDate "2017.10.21"]

1. Nf3 d5 2. g3 g6 3. Bg2 Bg7 4. d4 Nf6 5. O-O O-O 6. c4 dxc4 7. Na3 c3 8. bxc3
c5 9. e3 Nc6 10. Bb2 Bf5 11. Nc4 Rc8 12. Nce5 Qb6 13. Nxc6 bxc6 14. Ba3 Nd7 15.
Nd2 Qa6 16. Bb2 Bd3 17. Re1 Rb8 18. Qc1 cxd4 19. exd4 e5 20. Nb3 Rfe8 21. Bh3 f5
22. Bg2 e4 23. h4 Bf8 24. h5 c5 25. hxg6 Qxg6 26. dxc5 Nxc5 27. Nxc5 Bxc5 28.
Ba3 Bb6 29. Qf4 Rbc8 30. Rac1 Rc4 31. Qd6 Qxd6 32. Bxd6 Rec8 33. Be5 Kf7 34. Bh3
Ke6 35. Bg7 R4c7 36. Rcd1 Bc2 37. Rd2 Rxg7 38. Rxc2 Rxg3+ 39. Kh2 Rgxc3 40. Rxc3
Rxc3 41. Rxe4+ Kf6 42. Re2 Bc7+ 43. Kg2 f4 44. Bg4 Kg5 45. Bf3 h5 46. Be4 h4 47.
Rc2 f3+ 48. Kg1 Rxc2 49. Bxc2 Bb6 50. Be4 Kf4 51. Bd5 a5 52. a4 h3 53. Bc6 Bc5
54. Kh2 Bxf2 55. Kxh3 Bg1 56. Bb7 Bf2 57. Bc6 Be1 58. Bb7 Bc3 59. Bc6 Be5 60.
Bb7 Bd4 61. Bc6 Ke3 62. Kg4 f2 63. Bb5 Be5 64. Ba6 Kd2 65. Kf3 Ke1 1/2-1/2

[Event "SPICE Cup Open 2017"]
[Site "Saint Louis USA"]
[Date "2017.10.24"]
[Round "6.21"]
[White "Furfine, Jacob"]
[Black "Aripova, Nazima"]
[Result "1-0"]
[WhiteTitle "CM"]
[WhiteElo "2297"]
[BlackElo "1758"]
[WhiteFideId "2099462"]
[BlackFideId "14202409"]
[EventDate "2017.10.21"]

1. d4 Nf6 2. Bf4 g6 3. e3 Bg7 4. Nf3 O-O 5. Be2 d6 6. h3 Nbd7 7. O-O b6 8. Bh2
Bb7 9. c4 c5 10. Nc3 Ne4 11. Nxe4 Bxe4 12. Qd2 Nf6 13. d5 Bf5 14. Ne1 a6 15. f3
Bd7 16. Nd3 b5 17. b3 Nh5 18. Rab1 b4 19. g4 Bc3 20. Qc2 Ng7 21. a4 Ra7 22. Rbd1
a5 23. Kg2 Bc8 24. Bg3 Ne8 25. e4 f6 26. f4 Ng7 27. e5 Bd7 28. Bf3 f5 29. e6 Be8
30. Nc1 h6 31. Ne2 Bf6 32. Kh2 Kh8 33. Bf2 fxg4 34. hxg4 g5 35. Be3 Ra8 36. fxg5
Bxg5 37. Bxg5 hxg5 38. Kg2 1-0